[Event "Tournoi International du Pays de Charleroi 2018"]
[Site "Roux, Belgium"]
[Date "2018.08.01"]
[Round "6.2"]
[White "Cruz Lledo, Pablo"]
[Black "Mirzoev, Azer"]
[Result "1/2-1/2"]
[WhiteTitle "IM"]
[BlackTitle "GM"]
[WhiteElo "2443"]
[BlackElo "2506"]

1. d4 {[%clk 01:30:58]} {[%emt 00:00:02]} d5 {[%clk 01:30:25]} {[%emt
00:00:36]} 2. c4 {[%clk 01:31:24]} {[%emt 00:00:05]} e6 {[%clk 01:30:49]}
{[%emt 00:00:04]} 3. Nc3 {[%clk 01:31:48]} {[%emt 00:00:06]} Be7 {[%clk
01:31:13]} {[%emt 00:00:06]} 4. Nf3 {[%clk 01:32:11]} {[%emt 00:00:07]} Nf6
{[%clk 01:31:36]} {[%emt 00:00:06]} 5. cxd5 {[%clk 01:31:07]} {[%emt 00:01:36]}
exd5 {[%clk 01:31:59]} {[%emt 00:00:07]} 6. Bg5 {[%clk 01:31:29]} {[%emt
00:00:07]} c6 {[%clk 01:32:22]} {[%emt 00:00:06]} 7. Qc2 {[%clk 01:31:57]}
{[%emt 00:00:03]} Na6 {[%clk 01:31:57]} {[%emt 00:00:54]} 8. a3 {[%clk
01:32:24]} {[%emt 00:00:05]} Nc7 {[%clk 01:32:05]} {[%emt 00:00:21]} 9. e3
{[%clk 01:32:51]} {[%emt 00:00:04]} Ne6 {[%clk 01:32:23]} {[%emt 00:00:11]} 10.
Bh4 {[%clk 01:33:18]} {[%emt 00:00:03]} g6 {[%clk 01:32:40]} {[%emt 00:00:13]}
11. Bd3 {[%clk 01:33:39]} {[%emt 00:00:10]} O-O {[%clk 01:32:42]} {[%emt
00:00:28]} 12. O-O {[%clk 01:34:02]} {[%emt 00:00:07]} Ng7 {[%clk 01:33:10]}
{[%emt 00:00:02]} 13. b4 {[%clk 01:34:21]} {[%emt 00:00:11]} a6 {[%clk
01:33:07]} {[%emt 00:00:32]} 14. Na4 {[%clk 01:34:29]} {[%emt 00:00:22]} Bf5
{[%clk 01:32:34]} {[%emt 00:01:02]} 15. Nc5 {[%clk 01:34:57]} {[%emt 00:00:04]}
Bxd3 {[%clk 01:32:07]} {[%emt 00:00:57]} 16. Qxd3 {[%clk 01:35:17]} {[%emt
00:00:10]} Qc8 {[%clk 01:30:11]} {[%emt 00:02:24]} 17. Ne5 {[%clk 01:32:10]}
{[%emt 00:03:38]} Re8 {[%clk 01:24:28]} {[%emt 00:06:12]} 18. f3 {[%clk
01:27:24]} {[%emt 00:05:18]} Ne6 {[%clk 00:56:27]} {[%emt 00:28:29]} 19. Rac1
{[%clk 01:20:49]} {[%emt 00:07:05]} Nxc5 {[%clk 00:39:54]} {[%emt 00:17:04]} 20.
bxc5 {[%clk 01:20:40]} {[%emt 00:00:39]} Nd7 {[%clk 00:40:20]} {[%emt
00:00:04]} 21. Nxd7 {[%clk 01:17:49]} {[%emt 00:03:21]} Qxd7 {[%clk 00:40:45]}
{[%emt 00:00:06]} 22. Bg3 {[%clk 01:15:32]} {[%emt 00:02:46]} 1/2-1/2

[Event "Tournoi International du Pays de Charleroi 2018"]
[Site "Roux, Belgium"]
[Date "2018.08.01"]
[Round "6.20"]
[White "Le Quang, Kim"]
[Black "Chauvon, Guillaume"]
[Result "1-0"]
[WhiteTitle "FM"]
[WhiteElo "2261"]
[BlackElo "2013"]

1. e4 {[%clk 01:30:50]} {[%emt 00:00:10]} e5 {[%clk 01:30:56]} {[%emt
00:00:05]} 2. Nf3 {[%clk 01:31:09]} {[%emt 00:00:11]} Nc6 {[%clk 01:31:21]}
{[%emt 00:00:04]} 3. Bb5 {[%clk 01:31:28]} {[%emt 00:00:12]} a6 {[%clk
01:31:47]} {[%emt 00:00:04]} 4. Ba4 {[%clk 01:31:48]} {[%emt 00:00:09]} Nf6
{[%clk 01:32:13]} {[%emt 00:00:04]} 5. O-O {[%clk 01:32:01]} {[%emt 00:00:18]}
Be7 {[%clk 01:32:38]} {[%emt 00:00:04]} 6. Re1 {[%clk 01:31:48]} {[%emt
00:00:43]} b5 {[%clk 01:33:04]} {[%emt 00:00:04]} 7. Bb3 {[%clk 01:32:14]}
{[%emt 00:00:04]} d6 {[%clk 01:33:28]} {[%emt 00:00:06]} 8. c3 {[%clk
01:32:35]} {[%emt 00:00:10]} O-O {[%clk 01:33:52]} {[%emt 00:00:06]} 9. h3
{[%clk 01:32:56]} {[%emt 00:00:09]} Na5 {[%clk 01:34:09]} {[%emt 00:00:12]} 10.
Bc2 {[%clk 01:33:20]} {[%emt 00:00:06]} c5 {[%clk 01:34:35]} {[%emt 00:00:04]}
11. d4 {[%clk 01:33:38]} {[%emt 00:00:13]} Qc7 {[%clk 01:34:57]} {[%emt
00:00:07]} 12. Nbd2 {[%clk 01:30:53]} {[%emt 00:03:15]} Bd7 {[%clk 01:35:18]}
{[%emt 00:00:09]} 13. Nf1 {[%clk 01:19:36]} {[%emt 00:11:47]} Nc4 {[%clk
01:35:23]} {[%emt 00:00:26]} 14. b3 {[%clk 01:14:46]} {[%emt 00:05:20]} Nb6
{[%clk 01:35:48]} {[%emt 00:00:05]} 15. Bd2 {[%clk 00:51:43]} {[%emt 00:23:33]}
a5 {[%clk 01:25:36]} {[%emt 00:10:42]} 16. Ne3 {[%clk 00:45:51]} {[%emt
00:06:21]} c4 {[%clk 01:15:00]} {[%emt 00:11:06]} 17. bxc4 {[%clk 00:40:42]}
{[%emt 00:05:40]} Nxc4 {[%clk 01:14:57]} {[%emt 00:00:32]} 18. Nxc4 {[%clk
00:40:59]} {[%emt 00:00:13]} bxc4 {[%clk 01:15:13]} {[%emt 00:00:14]} 19. Bc1
{[%clk 00:33:20]} {[%emt 00:08:10]} Rfe8 {[%clk 01:09:33]} {[%emt 00:06:10]} 20.
Ba3 {[%clk 00:33:41]} {[%emt 00:00:09]} Bf8 {[%clk 01:07:49]} {[%emt 00:02:14]}
21. Qd2 {[%clk 00:33:04]} {[%emt 00:01:06]} Bc6 {[%clk 01:04:37]} {[%emt
00:03:41]} 22. Rad1 {[%clk 00:31:47]} {[%emt 00:01:48]} Rad8 {[%clk 00:54:46]}
{[%emt 00:10:22]} 23. d5 {[%clk 00:25:42]} {[%emt 00:06:35]} Bb5 {[%clk
00:49:29]} {[%emt 00:05:46]} 24. Rb1 {[%clk 00:25:55]} {[%emt 00:00:17]} Rb8
{[%clk 00:49:31]} {[%emt 00:00:28]} 25. Qe2 {[%clk 00:23:09]} {[%emt 00:03:15]}
Nh5 {[%clk 00:40:07]} {[%emt 00:09:54]} 26. g3 {[%clk 00:23:19]} {[%emt
00:00:21]} Qd7 {[%clk 00:36:49]} {[%emt 00:03:48]} 27. Kh2 {[%clk 00:21:14]}
{[%emt 00:02:35]} g6 {[%clk 00:36:37]} {[%emt 00:00:42]} 28. Rb2 {[%clk
00:18:50]} {[%emt 00:02:54]} Qc7 {[%clk 00:26:48]} {[%emt 00:10:19]} 29. Reb1
{[%clk 00:18:44]} {[%emt 00:00:37]} Ba6 {[%clk 00:27:06]} {[%emt 00:00:11]} 30.
Ba4 {[%clk 00:18:46]} {[%emt 00:00:27]} Red8 {[%clk 00:26:53]} {[%emt
00:00:44]} 31. Bc6 {[%clk 00:15:38]} {[%emt 00:03:39]} Bh6 {[%clk 00:23:22]}
{[%emt 00:04:00]} 32. Nh4 {[%clk 00:09:40]} {[%emt 00:06:28]} Bg5 {[%clk
00:18:15]} {[%emt 00:05:37]} 33. Rxb8 {[%clk 00:06:30]} {[%emt 00:03:40]} Rxb8
{[%clk 00:18:15]} {[%emt 00:00:31]} 34. Rxb8+ {[%clk 00:06:55]} {[%emt
00:00:05]} Qxb8 {[%clk 00:18:42]} {[%emt 00:00:03]} 35. Nf5 {[%clk 00:07:12]}
{[%emt 00:00:13]} gxf5 {[%clk 00:10:51]} {[%emt 00:08:21]} 36. Qxh5 {[%clk
00:07:28]} {[%emt 00:00:13]} Bd2 {[%clk 00:11:18]} {[%emt 00:00:02]} 37. exf5
{[%clk 00:07:10]} {[%emt 00:00:49]} Bxc3 {[%clk 00:06:08]} {[%emt 00:05:40]} 38.
Qg5+ {[%clk 00:04:01]} {[%emt 00:03:39]} Kh8 {[%clk 00:06:02]} {[%emt
00:00:37]} 39. Qf6 {[%clk 00:04:22]} {[%emt 00:00:08]} Kg8 {[%clk 00:06:29]}
{[%emt 00:00:03]} 40. Bxd6 {[%clk 00:04:27]} {[%emt 00:00:25]} Qb2 {[%clk
00:04:38]} {[%emt 00:02:22]} 41. Qd8+ {[%clk 00:04:29]} {[%emt 00:00:28]} 1-0

[Event "Tournoi International du Pays de Charleroi 2018"]
[Site "Roux, Belgium"]
[Date "2018.08.01"]
[Round "6.16"]
[White "Van Cappellen, Jonas"]
[Black "Terryn, Ezra"]
[Result "0-1"]
[WhiteElo "2202"]
[BlackElo "2007"]

1. d4 {[%clk 01:30:56]} {[%emt 00:00:03]} c5 {[%clk 01:30:14]} {[%emt
00:00:47]} 2. d5 {[%clk 01:31:18]} {[%emt 00:00:08]} d6 {[%clk 01:29:54]}
{[%emt 00:00:50]} 3. c4 {[%clk 01:29:32]} {[%emt 00:02:16]} g6 {[%clk
01:30:15]} {[%emt 00:00:08]} 4. e4 {[%clk 01:29:27]} {[%emt 00:00:35]} Bg7
{[%clk 01:30:35]} {[%emt 00:00:10]} 5. Bd3 {[%clk 01:29:02]} {[%emt 00:00:55]}
Nf6 {[%clk 01:29:31]} {[%emt 00:01:35]} 6. h3 {[%clk 01:29:17]} {[%emt
00:00:14]} O-O {[%clk 01:29:51]} {[%emt 00:00:09]} 7. Nf3 {[%clk 01:29:43]}
{[%emt 00:00:05]} Na6 {[%clk 01:30:16]} {[%emt 00:00:06]} 8. Nc3 {[%clk
01:29:35]} {[%emt 00:00:37]} Nc7 {[%clk 01:30:14]} {[%emt 00:00:32]} 9. O-O
{[%clk 01:29:39]} {[%emt 00:00:26]} a6 {[%clk 01:30:07]} {[%emt 00:00:38]} 10.
a4 {[%clk 01:29:09]} {[%emt 00:01:00]} b6 {[%clk 01:30:07]} {[%emt 00:00:29]}
11. Bf4 {[%clk 01:23:59]} {[%emt 00:05:40]} e6 {[%clk 01:19:06]} {[%emt
00:11:31]} 12. dxe6 {[%clk 01:08:18]} {[%emt 00:16:11]} Nxe6 {[%clk 01:10:40]}
{[%emt 00:08:57]} 13. Bh2 {[%clk 01:01:15]} {[%emt 00:07:32]} Qd7 {[%clk
01:04:32]} {[%emt 00:06:39]} 14. Bc2 {[%clk 00:54:59]} {[%emt 00:06:45]} Rd8
{[%clk 01:00:46]} {[%emt 00:04:16]} 15. Qd2 {[%clk 00:49:38]} {[%emt 00:05:50]}
Bb7 {[%clk 00:59:55]} {[%emt 00:01:22]} 16. Nd5 {[%clk 00:38:12]} {[%emt
00:11:56]} Nxd5 {[%clk 00:57:18]} {[%emt 00:03:07]} 17. cxd5 {[%clk 00:37:31]}
{[%emt 00:01:11]} Nd4 {[%clk 00:57:32]} {[%emt 00:00:15]} 18. Nxd4 {[%clk
00:36:57]} {[%emt 00:01:05]} Bxd4 {[%clk 00:57:55]} {[%emt 00:00:06]} 19. Rab1
{[%clk 00:29:46]} {[%emt 00:07:42]} a5 {[%clk 00:54:38]} {[%emt 00:03:47]} 20.
Kh1 {[%clk 00:26:10]} {[%emt 00:04:06]} Ba6 {[%clk 00:52:21]} {[%emt 00:02:48]}
21. Rfe1 {[%clk 00:26:02]} {[%emt 00:00:37]} b5 {[%clk 00:47:50]} {[%emt
00:05:01]} 22. axb5 {[%clk 00:24:58]} {[%emt 00:01:34]} Bxb5 {[%clk 00:47:34]}
{[%emt 00:00:46]} 23. f4 {[%clk 00:23:32]} {[%emt 00:01:56]} a4 {[%clk
00:37:07]} {[%emt 00:10:58]} 24. e5 {[%clk 00:19:12]} {[%emt 00:04:49]} Re8
{[%clk 00:37:29]} {[%emt 00:00:08]} 25. Bg1 {[%clk 00:08:52]} {[%emt 00:10:50]}
dxe5 {[%clk 00:34:39]} {[%emt 00:03:21]} 26. fxe5 {[%clk 00:09:12]} {[%emt
00:00:09]} Bxe5 {[%clk 00:34:46]} {[%emt 00:00:24]} 27. Bxc5 {[%clk 00:09:15]}
{[%emt 00:00:26]} Rad8 {[%clk 00:28:10]} {[%emt 00:07:06]} 28. Be4 {[%clk
00:08:39]} {[%emt 00:01:03]} Bg3 {[%clk 00:26:30]} {[%emt 00:02:12]} 29. Bf3
{[%clk 00:07:30]} {[%emt 00:01:40]} Bxe1 {[%clk 00:22:52]} {[%emt 00:04:08]} 30.
Rxe1 {[%clk 00:07:50]} {[%emt 00:00:09]} Rxe1 {[%clk 00:23:09]} {[%emt
00:00:14]} 31. Qxe1 {[%clk 00:08:14]} {[%emt 00:00:06]} Re8 {[%clk 00:17:44]}
{[%emt 00:05:55]} 32. Qf2 {[%clk 00:06:29]} {[%emt 00:02:15]} Bd3 {[%clk
00:16:06]} {[%emt 00:02:08]} 33. Qd4 {[%clk 00:04:59]} {[%emt 00:02:00]} Qf5
{[%clk 00:10:54]} {[%emt 00:05:41]} 34. Bb4 {[%clk 00:04:06]} {[%emt 00:01:24]}
Be4 {[%clk 00:08:50]} {[%emt 00:02:33]} 35. Bc3 {[%clk 00:04:11]} {[%emt
00:00:26]} f6 {[%clk 00:09:00]} {[%emt 00:00:20]} 36. Bxe4 {[%clk 00:03:12]}
{[%emt 00:01:29]} Rxe4 {[%clk 00:07:57]} {[%emt 00:01:33]} 37. Qb6 {[%clk
00:01:54]} {[%emt 00:01:49]} Re2 {[%clk 00:05:53]} {[%emt 00:02:33]} 38. Qb8+
{[%clk 00:01:23]} {[%emt 00:01:02]} Kg7 {[%clk 00:05:21]} {[%emt 00:01:01]} 39.
Qc7+ {[%clk 00:01:48]} {[%emt 00:00:05]} Kh6 {[%clk 00:05:26]} {[%emt
00:00:24]} 40. Qg3 {[%clk 00:01:44]} {[%emt 00:00:34]} Qf2 {[%clk 00:01:50]}
{[%emt 00:04:07]} 41. Kh2 {[%clk 00:24:19]} {[%emt 00:07:55]} Qxg3 {[%clk
00:31:55]} {[%emt 00:00:26]} 42. Kxg3 {[%clk 00:24:29]} {[%emt 00:00:19]} Re3+
{[%clk 00:32:21]} {[%emt 00:00:03]} 43. Kf4 {[%clk 00:23:02]} {[%emt 00:01:57]}
Rxc3 {[%clk 00:32:40]} {[%emt 00:00:12]} 44. bxc3 {[%clk 00:23:25]} {[%emt
00:00:08]} Kg7 {[%clk 00:33:05]} {[%emt 00:00:05]} 0-1

[Event "Tournoi International du Pays de Charleroi 2018"]
[Site "Roux, Belgium"]
[Date "2018.08.01"]
[Round "6.1"]
[White "Gurevich, Mikhail"]
[Black "De Schampheleire, Glen"]
[Result "1-0"]
[WhiteTitle "GM"]
[BlackTitle "FM"]
[WhiteElo "2569"]
[BlackElo "2347"]

1. c4 {[%clk 01:30:56]} {[%emt 00:00:04]} Nf6 {[%clk 01:30:51]} {[%emt
00:00:09]} 2. Nc3 {[%clk 01:31:15]} {[%emt 00:00:11]} e6 {[%clk 01:31:13]}
{[%emt 00:00:08]} 3. Nf3 {[%clk 01:31:24]} {[%emt 00:00:20]} b6 {[%clk
01:31:13]} {[%emt 00:00:31]} 4. e4 {[%clk 01:31:29]} {[%emt 00:00:25]} Bb7
{[%clk 01:31:16]} {[%emt 00:00:27]} 5. Bd3 {[%clk 01:31:40]} {[%emt 00:00:18]}
c5 {[%clk 01:29:54]} {[%emt 00:01:52]} 6. O-O {[%clk 01:23:14]} {[%emt
00:08:57]} Nc6 {[%clk 01:27:18]} {[%emt 00:03:06]} 7. Bc2 {[%clk 01:22:07]}
{[%emt 00:01:37]} Nd4 {[%clk 01:24:35]} {[%emt 00:03:13]} 8. Nxd4 {[%clk
01:21:36]} {[%emt 00:01:01]} cxd4 {[%clk 01:24:59]} {[%emt 00:00:07]} 9. Ne2
{[%clk 01:22:01]} {[%emt 00:00:05]} Nxe4 {[%clk 01:23:49]} {[%emt 00:01:40]} 10.
Nxd4 {[%clk 01:21:51]} {[%emt 00:00:40]} Nf6 {[%clk 01:14:46]} {[%emt
00:09:33]} 11. d3 {[%clk 01:12:17]} {[%emt 00:10:04]} Be7 {[%clk 01:10:43]}
{[%emt 00:04:33]} 12. Bf4 {[%clk 01:11:06]} {[%emt 00:01:40]} O-O {[%clk
01:10:42]} {[%emt 00:00:32]} 13. Qe2 {[%clk 01:08:01]} {[%emt 00:03:35]} a6
{[%clk 00:53:36]} {[%emt 00:17:37]} 14. Rac1 {[%clk 00:50:40]} {[%emt
00:17:51]} b5 {[%clk 00:43:22]} {[%emt 00:10:44]} 15. Nf3 {[%clk 00:37:08]}
{[%emt 00:14:02]} d6 {[%clk 00:41:54]} {[%emt 00:01:58]} 16. b3 {[%clk
00:35:44]} {[%emt 00:01:54]} e5 {[%clk 00:32:58]} {[%emt 00:09:25]} 17. Bd2
{[%clk 00:31:41]} {[%emt 00:04:33]} Re8 {[%clk 00:32:04]} {[%emt 00:01:25]} 18.
d4 {[%clk 00:31:35]} {[%emt 00:00:36]} bxc4 {[%clk 00:24:20]} {[%emt 00:08:14]}
19. bxc4 {[%clk 00:31:21]} {[%emt 00:00:43]} exd4 {[%clk 00:24:39]} {[%emt
00:00:11]} 20. Nxd4 {[%clk 00:28:50]} {[%emt 00:03:01]} d5 {[%clk 00:23:32]}
{[%emt 00:01:37]} 21. Ba4 {[%clk 00:27:33]} {[%emt 00:01:46]} Ba3 {[%clk
00:16:22]} {[%emt 00:07:40]} 22. Bxe8 {[%clk 00:27:34]} {[%emt 00:00:28]} Bxc1
{[%clk 00:16:47]} {[%emt 00:00:06]} 23. Bxf7+ {[%clk 00:25:47]} {[%emt
00:02:18]} Kxf7 {[%clk 00:16:43]} {[%emt 00:00:34]} 24. Qe6+ {[%clk 00:26:05]}
{[%emt 00:00:11]} Kg6 {[%clk 00:17:00]} {[%emt 00:00:13]} 25. Rxc1 {[%clk
00:23:29]} {[%emt 00:03:07]} dxc4 {[%clk 00:15:47]} {[%emt 00:01:42]} 26. Qf5+
{[%clk 00:20:15]} {[%emt 00:03:43]} Kf7 {[%clk 00:16:13]} {[%emt 00:00:05]} 27.
Qe6+ {[%clk 00:20:42]} {[%emt 00:00:03]} Kg6 {[%clk 00:16:38]} {[%emt
00:00:05]} 28. Rc3 {[%clk 00:19:32]} {[%emt 00:01:40]} h6 {[%clk 00:11:20]}
{[%emt 00:05:49]} 29. Rg3+ {[%clk 00:14:53]} {[%emt 00:05:09]} Kh7 {[%clk
00:11:45]} {[%emt 00:00:05]} 30. Qf7 {[%clk 00:13:03]} {[%emt 00:02:20]} Nh5
{[%clk 00:10:25]} {[%emt 00:01:51]} 31. Qxh5 {[%clk 00:12:54]} {[%emt
00:00:39]} Qxd4 {[%clk 00:10:41]} {[%emt 00:00:14]} 32. Bc3 {[%clk 00:13:19]}
{[%emt 00:00:04]} 1-0

[Event "Tournoi International du Pays de Charleroi 2018"]
[Site "Roux, Belgium"]
[Date "2018.08.01"]
[Round "6.9"]
[White "Kulkarni, Rakesh"]
[Black "Hoffmeister, Frank"]
[Result "0-1"]
[WhiteTitle "IM"]
[WhiteElo "2363"]
[BlackElo "2170"]

1. e4 {[%clk 01:30:56]} {[%emt 00:00:03]} e6 {[%clk 01:30:55]} {[%emt
00:00:05]} 2. d4 {[%clk 01:31:19]} {[%emt 00:00:07]} d5 {[%clk 01:31:21]}
{[%emt 00:00:03]} 3. exd5 {[%clk 01:31:40]} {[%emt 00:00:10]} exd5 {[%clk
01:31:43]} {[%emt 00:00:09]} 4. c4 {[%clk 01:32:05]} {[%emt 00:00:05]} Nf6
{[%clk 01:31:43]} {[%emt 00:00:29]} 5. Nc3 {[%clk 01:32:30]} {[%emt 00:00:06]}
Bb4 {[%clk 01:30:06]} {[%emt 00:02:07]} 6. Bd3 {[%clk 01:32:54]} {[%emt
00:00:06]} O-O {[%clk 01:29:46]} {[%emt 00:00:50]} 7. Nge2 {[%clk 01:33:05]}
{[%emt 00:00:19]} Be7 {[%clk 01:02:25]} {[%emt 00:27:51]} 8. O-O {[%clk
01:30:58]} {[%emt 00:02:38]} Na6 {[%clk 01:00:10]} {[%emt 00:02:45]} 9. c5
{[%clk 01:26:18]} {[%emt 00:05:10]} c6 {[%clk 00:54:34]} {[%emt 00:06:06]} 10.
Ng3 {[%clk 01:20:28]} {[%emt 00:06:19]} g6 {[%clk 00:51:09]} {[%emt 00:03:55]}
11. f4 {[%clk 00:59:46]} {[%emt 00:21:13]} Nxc5 {[%clk 00:46:09]} {[%emt
00:05:29]} 12. Bc2 {[%clk 00:52:07]} {[%emt 00:08:10]} Nce4 {[%clk 00:41:44]}
{[%emt 00:04:55]} 13. f5 {[%clk 00:49:42]} {[%emt 00:02:55]} Nxg3 {[%clk
00:34:36]} {[%emt 00:07:37]} 14. hxg3 {[%clk 00:50:06]} {[%emt 00:00:06]} Ne4
{[%clk 00:32:56]} {[%emt 00:02:10]} 15. Bh6 {[%clk 00:39:15]} {[%emt 00:11:21]}
Bxf5 {[%clk 00:28:59]} {[%emt 00:04:27]} 16. Rxf5 {[%clk 00:19:36]} {[%emt
00:20:09]} gxf5 {[%clk 00:28:02]} {[%emt 00:01:27]} 17. Nxe4 {[%clk 00:15:05]}
{[%emt 00:05:01]} dxe4 {[%clk 00:28:17]} {[%emt 00:00:14]} 18. Bxe4 {[%clk
00:13:41]} {[%emt 00:01:55]} Bf6 {[%clk 00:27:04]} {[%emt 00:01:42]} 19. Bxf8
{[%clk 00:12:48]} {[%emt 00:01:23]} Qxd4+ {[%clk 00:26:21]} {[%emt 00:01:12]}
20. Qxd4 {[%clk 00:12:29]} {[%emt 00:00:50]} Bxd4+ {[%clk 00:26:49]} {[%emt
00:00:03]} 21. Kf1 {[%clk 00:12:50]} {[%emt 00:00:08]} fxe4 {[%clk 00:26:29]}
{[%emt 00:00:51]} 22. Ba3 {[%clk 00:13:15]} {[%emt 00:00:05]} f5 {[%clk
00:21:43]} {[%emt 00:05:16]} 23. Rd1 {[%clk 00:13:38]} {[%emt 00:00:06]} c5
{[%clk 00:19:56]} {[%emt 00:02:18]} 24. b4 {[%clk 00:13:04]} {[%emt 00:01:05]}
b6 {[%clk 00:20:18]} {[%emt 00:00:07]} 25. Ke2 {[%clk 00:13:14]} {[%emt
00:00:20]} Kf7 {[%clk 00:18:22]} {[%emt 00:02:26]} 26. bxc5 {[%clk 00:13:30]}
{[%emt 00:00:14]} bxc5 {[%clk 00:18:46]} {[%emt 00:00:06]} 27. Rb1 {[%clk
00:12:22]} {[%emt 00:01:39]} Rg8 {[%clk 00:17:10]} {[%emt 00:02:05]} 28. Rb7+
{[%clk 00:12:26]} {[%emt 00:00:26]} Ke6 {[%clk 00:17:37]} {[%emt 00:00:04]} 29.
Rxa7 {[%clk 00:12:36]} {[%emt 00:00:20]} Rxg3 {[%clk 00:17:58]} {[%emt
00:00:08]} 30. Kf1 {[%clk 00:13:01]} {[%emt 00:00:05]} f4 {[%clk 00:16:19]}
{[%emt 00:02:09]} 31. Bc1 {[%clk 00:13:23]} {[%emt 00:00:09]} f3 {[%clk
00:16:41]} {[%emt 00:00:07]} 32. gxf3 {[%clk 00:13:49]} {[%emt 00:00:04]} exf3
{[%clk 00:16:25]} {[%emt 00:00:46]} 33. Ke1 {[%clk 00:14:04]} {[%emt 00:00:15]}
Rg1+ {[%clk 00:16:33]} {[%emt 00:00:22]} 0-1

[Event "Tournoi International du Pays de Charleroi 2018"]
[Site "Roux, Belgium"]
[Date "2018.08.01"]
[Round "6.6"]
[White "Decrop, Benjamin"]
[Black "Vanderwaeren, Serge"]
[Result "1-0"]
[BlackTitle "FM"]
[WhiteElo "2207"]
[BlackElo "2145"]

1. d4 {[%clk 01:30:57]} {[%emt 00:00:02]} e6 {[%clk 01:29:42]} {[%emt
00:01:18]} 2. e4 {[%clk 01:31:24]} {[%emt 00:00:04]} d5 {[%clk 01:30:00]}
{[%emt 00:00:11]} 3. Nd2 {[%clk 01:31:50]} {[%emt 00:00:04]} Nf6 {[%clk
01:30:20]} {[%emt 00:00:10]} 4. e5 {[%clk 01:32:12]} {[%emt 00:00:09]} Nfd7
{[%clk 01:30:42]} {[%emt 00:00:07]} 5. Bd3 {[%clk 01:32:36]} {[%emt 00:00:06]}
c5 {[%clk 01:31:06]} {[%emt 00:00:06]} 6. c3 {[%clk 01:33:03]} {[%emt
00:00:03]} Nc6 {[%clk 01:31:30]} {[%emt 00:00:06]} 7. Ndf3 {[%clk 01:33:30]}
{[%emt 00:00:03]} cxd4 {[%clk 01:31:22]} {[%emt 00:00:38]} 8. cxd4 {[%clk
01:33:56]} {[%emt 00:00:04]} Qb6 {[%clk 01:31:44]} {[%emt 00:00:09]} 9. Ne2
{[%clk 01:32:45]} {[%emt 00:01:41]} f6 {[%clk 01:32:07]} {[%emt 00:00:06]} 10.
exf6 {[%clk 01:33:09]} {[%emt 00:00:07]} Nxf6 {[%clk 01:32:26]} {[%emt
00:00:10]} 11. O-O {[%clk 01:33:19]} {[%emt 00:00:19]} Bd6 {[%clk 01:32:48]}
{[%emt 00:00:09]} 12. Bf4 {[%clk 01:31:37]} {[%emt 00:02:13]} Bxf4 {[%clk
01:32:59]} {[%emt 00:00:19]} 13. Nxf4 {[%clk 01:32:00]} {[%emt 00:00:06]} Qxb2
{[%clk 01:33:17]} {[%emt 00:00:13]} 14. Re1 {[%clk 01:30:18]} {[%emt 00:02:11]}
O-O {[%clk 01:31:18]} {[%emt 00:02:29]} 15. Nxe6 {[%clk 01:30:30]} {[%emt
00:00:19]} Bxe6 {[%clk 01:31:01]} {[%emt 00:00:47]} 16. Rxe6 {[%clk 01:30:55]}
{[%emt 00:00:05]} Rae8 {[%clk 01:30:32]} {[%emt 00:00:58]} 17. Rxe8 {[%clk
01:30:06]} {[%emt 00:01:19]} Rxe8 {[%clk 01:30:54]} {[%emt 00:00:09]} 18. Rb1
{[%clk 01:29:36]} {[%emt 00:01:01]} Qxa2 {[%clk 01:31:12]} {[%emt 00:00:11]} 19.
Rxb7 {[%clk 01:30:01]} {[%emt 00:00:04]} Ne4 {[%clk 01:29:22]} {[%emt
00:02:19]} 20. Qf1 {[%clk 01:29:47]} {[%emt 00:00:46]} Nd2 {[%clk 01:28:22]}
{[%emt 00:01:29]} 21. Qc1 {[%clk 01:28:15]} {[%emt 00:02:03]} Nxf3+ {[%clk
01:23:34]} {[%emt 00:05:17]} 22. gxf3 {[%clk 01:28:17]} {[%emt 00:00:28]} Nd8
{[%clk 01:06:29]} {[%emt 00:17:31]} 23. Rb5 {[%clk 01:11:27]} {[%emt 00:17:25]}
Ne6 {[%clk 01:02:13]} {[%emt 00:04:43]} 24. Qc6 {[%clk 01:06:15]} {[%emt
00:05:45]} Re7 {[%clk 01:01:36]} {[%emt 00:01:06]} 25. Qd6 {[%clk 01:03:45]}
{[%emt 00:03:00]} Kf7 {[%clk 00:59:29]} {[%emt 00:02:37]} 26. Rxd5 {[%clk
01:03:23]} {[%emt 00:00:53]} Qa1+ {[%clk 00:58:37]} {[%emt 00:01:21]} 27. Kg2
{[%clk 01:00:34]} {[%emt 00:03:20]} g6 {[%clk 00:58:28]} {[%emt 00:00:38]} 28.
Bc4 {[%clk 00:51:02]} {[%emt 00:10:03]} Kf8 {[%clk 00:51:17]} {[%emt 00:07:38]}
29. Re5 {[%clk 00:43:58]} {[%emt 00:07:37]} Nf4+ {[%clk 00:49:17]} {[%emt
00:02:29]} 30. Kg3 {[%clk 00:44:18]} {[%emt 00:00:12]} Nh5+ {[%clk 00:49:14]}
{[%emt 00:00:31]} 31. Kh4 {[%clk 00:44:40]} {[%emt 00:00:08]} Ke8 {[%clk
00:47:41]} {[%emt 00:01:36]} 1-0